000 00778nam a2200253 u 4500
001 000001954
003 DO-SdBNP
005 20240530073910.0
008 090630s2006 dr r 000 f spa d
020 _z945100009
040 _aDO-SdBNP
_bspa
_cBNPHU
082 _aRD863.44
_bM433a 2006
100 1 _aMatos Moquete, Manuel,
_d1944-
_96349
245 1 4 _aLos amantes de abril /
_cManuel Matos Moquete.
250 _a2a. ed.
260 _aSanto Domingo :
_bCocolo,
_c2006.
300 _a148 p. ;
_c22 cm.
500 _aIncluye datos biográficos del autor en la solapa de la cubierta.
590 _aInventariado, 2019/VM
650 0 _aNovela dominicana
_9223
650 0 _aLiteratura dominicana.
_967
910 _aValidado. Control de calidad MMOLINA
942 _2ddc
_cLBS1
999 _c1820
_d1820